|
|
|
|
| LEADER |
00000cam a2200000 7i4500 |
| 001 |
0000278474 |
| 005 |
20210423160118.0 |
| 006 |
a# ###ee# ####### |
| 007 |
tt |
| 008 |
210423 enk# e## ##0engm# |
| 020 |
|
|
|a 9781472961839
|
| 040 |
|
|
|a MBPJ
|b eng
|c MBPJ
|e rda
|
| 090 |
0 |
0 |
|a 364.1635
|b PYN
|
| 100 |
1 |
|
|a Pyne, Lydia ,
|e author
|
| 245 |
1 |
0 |
|a GENUINE FAKES :
|b How Phony Things Teach Us About Real Stuff
|c Lydia Pyne
|
| 264 |
|
0 |
|c ©2019
|
| 264 |
|
1 |
|a London :
|b BLOOMSBURY SIGMA
|c 2019
|
| 300 |
|
|
|a 304 pages ;
|c 22 cm.
|
| 336 |
|
|
|a text
|2 rdacontent
|
| 337 |
|
|
|a unmediated
|2 rdamedia
|
| 338 |
|
|
|a volume
|2 rdacarrier
|
| 504 |
|
|
|a Includes index
|
| 650 |
|
0 |
|a Fake news
|x History
|
| 650 |
|
0 |
|a Forgery
|x History
|
| 650 |
|
0 |
|a Forgery
|x Social aspects
|
| 999 |
|
|
|a 00385703
|b BUKU
|c PINJAMAN
|e PERPUSTAKAAN KOMUNITI PETALING JAYA
|